THEORY OF INCENTIVES IN PROCUREMENT AND (Record no. 8166)
[ view plain ]
| 000 -LEADER | |
|---|---|
| fixed length control field | 00352nam a2200133Ia 4500 |
| 008 - FIXED-LENGTH DATA ELEMENTS--GENERAL INFORMATION | |
| fixed length control field | 240624s9999 xx 000 0 und d |
| 041 ## - LANGUAGE CODE | |
| Language code of text/sound track or separate title | eng |
| 082 ## - DEWEY DECIMAL CLASSIFICATION NUMBER | |
| Classification number | 338.82 LAF |
| 100 ## - MAIN ENTRY--PERSONAL NAME | |
| Personal name | LAFFONT JEAN JACQUES |
| 245 ## - TITLE STATEMENT | |
| Title | THEORY OF INCENTIVES IN PROCUREMENT AND |
| 260 ## - PUBLICATION, DISTRIBUTION, ETC. | |
| Date of publication, distribution, etc. | 1993 |
| Place of publication, distribution, etc. | Cambridge |
| Name of publisher, distributor, etc. | MIT Press |
| 300 ## - PHYSICAL DESCRIPTION | |
| Extent | xv, : 705 : p. : cm. ; 27 |
| 365 ## - TRADE PRICE | |
| Currency code | |
| Price amount | 20 |
| Withdrawn status | Lost status | Damaged status | Not for loan | Home library | Current library | Shelving location | Date acquired | Source of acquisition | Cost, normal purchase price | Total Holds | Full call number | Barcode | Date last seen | Copy number | Price effective from | Koha item type |
|---|---|---|---|---|---|---|---|---|---|---|---|---|---|---|---|---|
| IMTN | IMTN | Rack 13-A | 01/23/2008 | BU | 80.00 | 24560 | 338.82 LAF | 8166 | 06/24/2024 | 41.7 | 06/24/2024 | Books |